000 00554nam a2200181Ia 4500
999 _c14503
_d14503
003 OSt
005 20201028111622.0
008 190216s9999||||xx |||||||||||||| ||und||
020 _a9780330440097
040 _coclc
082 _a823.914
_bFRE/W
100 _aFrench, Patrick
_96137
245 4 _aThe World Is What It Is :
_bThe Authorized Biography of V.S Naipaul /
_cPatrick French
260 _bPicador,
_c2008.
_aLondon:
300 _a554p
650 _aEnglish-Biography
942 _cBK
_2ddc
_h823.914
_iFRE/W
_k823.914
_mFRE/W